000 00416nam a2200169Ia 4500
008 090711s9999 xx 000 0 und d
082 _b60270
100 _aशहा सुभाष
245 _aशर्यत
260 _c1987
300 _a181
600 _aशहा सुभाष
630 _aशर्यत
700 _aशहा सुभाष
730 _aशर्यत
942 _cBOOK
999 _c293295
_d293295